| 000 | 00652nam a2200241Ia 4500 | ||
|---|---|---|---|
| 003 | OSt | ||
| 005 | 20230516152110.0 | ||
| 008 | 210423s2011 xx 000 0 und d | ||
| 020 | _a978-0-2302-2699-9 | ||
| 040 | _cAL | ||
| 041 | _aeng | ||
| 082 | _a574.192 COXL | ||
| 100 |
_aCOX (Michael M);NELSON (David L) _9105887 |
||
| 245 | _aLehninger: principles of biochemistry Ed 5 | ||
| 250 | _a5 | ||
| 260 |
_aNew York _bW H Freeman & Co _c2011 |
||
| 300 |
_axxix,1-41p _bHB |
||
| 365 |
_b2394.2 _cGBP |
||
| 650 |
_aBiochemistry _9105888 |
||
| 650 |
_aBiology _9105889 |
||
| 906 | _abiochemistry ; Ed ; Lehninger: ; principles | ||
| 942 |
_2ddc _cBK |
||
| 999 |
_c166457 _d166457 |
||